| 000 | 01502nam a2200325 a 4500 | ||
|---|---|---|---|
| 001 | 29392 | ||
| 003 | BD-RjUL | ||
| 005 | 20211209051416.0 | ||
| 008 | 140403r19501924enk 001 0 eng u | ||
| 035 | _a(BD-RjUL)29477 | ||
| 040 |
_aCSU _dKKP _dm.c _dEQO _beng _cBD-RjUL |
||
| 041 | 1 |
_aeng _hger |
|
| 082 |
_a131.3462 _bFRC V-1 1950 |
||
| 100 | 1 |
_aFreud, Sigmund, _d1856-1939. _989629 |
|
| 245 | 1 | 0 |
_aCollected papers / _cSigmund Freud ; authorized translation under the supervision of Joan Rivere. _nVOLUME I. |
| 260 |
_aLondon : _bHogarth Press and Institute of Psychoanalysis, _c1924 [Impression 1950] |
||
| 300 |
_a359 p. : _bill. ; _c22 cm. |
||
| 490 | 1 |
_aInternational psycho-analytical library ; _vno. 7-10, 37 |
|
| 500 | _aVol. 3: Authorized translation by Alix and James Strachey; v. 5 edited by James Strachey. | ||
| 500 | _aIncludes papers originally collected in Kleiner Schriften zur Neurosenlehre. | ||
| 504 | _aIncludes bibliographies. | ||
| 505 | 0 | _av. 1. Early papers. On the history of the psycho-analytic movement.--v. 2. Clinical papers. Papers on technique.--v. 3. Case histories.--v. 4. Papers on metapsychology. Papers on applied psycho-analysis.--v. 5. Miscellaneous papers, 1888-1938. | |
| 650 | 0 |
_aPsychoanalysis _989630 |
|
| 830 | 0 |
_v7 &c. _989640 |
|
| 700 | 1 |
_aRiviere, Joan, _d1883-1962 _989632 |
|
| 710 | 2 |
_aInstitute of Psycho-analysis (Great Britain) _988492 |
|
| 830 | 0 |
_aInternational psycho-analytical library ; _989641 |
|
| 942 |
_2ddc _cBK |
||
| 999 |
_c29392 _d29392 |
||